| 000 | 01359cam a2200373M 4500 | ||
|---|---|---|---|
| 001 | 75381 | ||
| 005 | 20230410132808.0 | ||
| 008 | 091205s1999 nyuak b 001 u eng d | ||
| 035 | _a(OCoLC)ocn472927408 | ||
| 040 |
_aDKDLA _bdan _cDKDLA |
||
| 020 | _a0198504934 | ||
| 020 | _a9780198504931 | ||
| 029 | 1 |
_aDKDLA _b24149118 |
|
| 029 | 1 |
_aDKDLA _b27885701 |
|
| 035 | _a(OCoLC)472927408 | ||
| 082 | 0 | 0 | _a576.83 |
| 049 | _aGRAL | ||
| 050 | 1 | 4 |
_aQH 366.2 _bS642o 1999 |
| 100 | 1 |
_aSmith, John Maynard, _d1920 |
|
| 245 | 1 | 4 |
_aThe origins of life : _bfrom the birth of life to the origin of language / _cJohn Maynard Smith and Eèors Szathmáry. |
| 260 |
_aOxford ; _aNew York : _bOxford University Press, _c1999. |
||
| 300 |
_a180 sider : _bill.; _c24cm. |
||
| 504 | _aIncludes bibliographical references (p. [171]) and index. | ||
| 650 | 0 |
_aLife _xOrigin. |
|
| 650 | 0 | _aEvolution (Biology). | |
| 650 | 0 | _aGenetic transformation. | |
| 700 | 1 | _aSzathmáry, Eèors. | |
| 856 | 4 | 2 | _aPublisher description |u http://www.loc.gov/catdir/enhancements/fy0635/99230990-d.html |
| 856 | 4 | 1 | _aTable of contents only |u http://www.loc.gov/catdir/enhancements/fy0635/99230990-t.html |
| 856 | 4 | 2 | _aContributor biographical information |u http://www.loc.gov/catdir/enhancements/fy0722/99230990-b.html |
| 942 |
_2lcc _cbk |
||
| 994 |
_aC0 _bDRFGD |
||
| 946 | _aLD | ||
| 999 |
_c87855 _d87855 |
||